| Tag |
First Indicator |
Second Indicator |
Subfields |
| LEADER |
00000cam a2200000 4500 |
| 001 |
in00003846521 |
| 005 |
20190415183527.0 |
| 006 |
m o d |
| 007 |
cr |n||||||||n |
| 008 |
930316s1744 enk|||| o o00| ||eng c |
| 035 |
|
|
|a (CU-RivES)N52215
|
| 035 |
|
|
|a (Uk-ES)006046131
|
| 035 |
|
|
|a (OCoLC)508251809
|
| 040 |
|
|
|a CU-RivES
|c CU-RivES
|d CStRLIN
|d Cengage Gale
|d UtOrBLW
|
| 050 |
|
4 |
|a Z2011
|b .G743 1744
|
| 110 |
1 |
|
|a Great Britain.
|
| 240 |
1 |
0 |
|a Public General Acts. 1743-1744. 17 Geo.II.c.36
|
| 245 |
1 |
3 |
|a An Act for permitting certain goods therein enumerated, to be imported during the war in British built shipping, the property of foreigners :
|b and for the relief of William Ord, and others, for obviating a doubt which hath arisen upon the Act of the twelfth year of the reign of King Charles the Second, intituled, An Act for the encouraging and increasing of shipping and navigation, as to the importation on the account of aliens, of goods of the growth or production of the plantations of Spain and Portugal, in English ships duly navigated.
|
| 264 |
|
3 |
|a [London] :
|b [printed by Thomas Baskett and Robert Baskett],
|c [1744]
|
| 300 |
|
|
|a 1 online resource (2 unnumbered pages, 717-720 pages)
|
| 336 |
|
|
|a text
|b txt
|2 rdacontent
|
| 337 |
|
|
|a computer
|b c
|2 rdamedia
|
| 338 |
|
|
|a online resource
|b cr
|2 rdacarrier
|
| 500 |
|
|
|a At head of drop-head title: 'Anno decimo septimo Georgii II. Regis.' - Text in black letter.
|
| 500 |
|
|
|a Last word of first line of text: 'Act'; first word of line below initial: 'tories'; last word of last full line of text: 'any'.
|
| 500 |
|
|
|a Issued separately with a general titlepage, and also as part of: 'Anno Regni Georgii II. Regis Magnæ Britanniæ, Franciæ, and Hiberniæ, decimo septimo. At the Parliament begun and holden at Westminster, the first day of December, .. 1741. .. And from thence continued .. to the first day of December, 1743. being the third session of this present Parliament.' - Imprint from general titlepage.
|
| 509 |
|
|
|a Signed on first leaf of text: 8T; press fig. 5 on pages720
|
| 510 |
4 |
|
|a English Short Title Catalog,
|c N52215.
|
| 500 |
|
|
|a Reproduction of original from "Department of Special Collections, Kenneth Spencer Research Library, University of Kansas".
|
| 500 |
|
|
|a Electronic resource.
|
| 650 |
|
0 |
|a Navigation
|z Great Britain
|v Early works to 1800.
|
| 655 |
|
7 |
|a Electronic books.
|2 local
|
| 710 |
2 |
|
|a Gale (Firm)
|0 http://id.loc.gov/authorities/names/no2008071348
|
| 730 |
0 |
|
|a Anno Regni Georgii II. Regis Magnæ Britanniæ, Franciæ, & Hiberniæ, decimo septimo. At the Parliament begun and holden at Westminster, the first day of December, .. 1741. .. And from thence continued .. to the first day of December, 1743. being the third session of this presen Parliament.
|
| 752 |
|
|
|a Great Britain
|b England
|d London.
|
| 856 |
4 |
0 |
|u http://proxy.library.tamu.edu/login?url=http://find.galegroup.com/ecco/infomark.do?contentSet=ECCOArticles&docType=ECCOArticles&bookId=1357303600&type=getFullCitation&tabID=T001&prodId=ECCO&docLevel=TEXT_GRAPHICS&version=1.0&source=library&userGroupName=txshracd2898
|z Connect to the full text of this electronic book
|t 0
|
| 999 |
f |
f |
|s 6fc501b8-024a-3f9d-9c75-c8529b30ab4b
|i 6c20f97a-eb7c-3f3a-903b-b60707380457
|t 0
|
| 952 |
f |
f |
|a Texas A&M University
|b College Station
|c Electronic Resources
|d Available Online
|t 0
|e Z2011 .G743 1744
|h Library of Congress classification
|
| 998 |
f |
f |
|a Z2011 .G743 1744
|t 0
|l Available Online
|